00450nam a22001337a 4500003000400000008004100004020001800045245009100063260003300154300001400187650007600201700002100277700001800298OSt260625b |||||||| |||| 00| 0 eng d a9781786393982 aClimate change and non-infectious fish disorders/edited by P. T. K. Woo, G. K. Iwama aWallingford :bCABI, c2020. ax, 244 p. aPure Sciences | Animals | Fishes | Non-Infectious Fish | Climate Change aWoo, P. T. K.  a Iwama, G. K.